| 000 | 00820cam a2200265 a 4500 | ||
|---|---|---|---|
| 001 | 3538497 | ||
| 005 | 20180302041220.0 | ||
| 008 | 961206m19969999aku 001 0 eng d | ||
| 010 | _a 96227336 | ||
| 020 | _a0963749617 (v. 1) | ||
| 020 | _a0963749625 (v. 2) | ||
| 035 | _a(OCoLC)35690595 | ||
| 040 |
_aMoS _cMoS _dDLC |
||
| 041 | _aeng | ||
| 042 | _alccopycat | ||
| 043 | _an-us--- | ||
| 080 | _a306.890973 OBR | ||
| 082 | 0 | 0 |
_a306.890973 OBR _221 |
| 100 | 1 | _a50 | |
| 101 | _aSOC | ||
| 245 | 1 | 0 |
_aFamilies with divorce / _cby Douglas O'Brien. |
| 906 |
_a7 _bcbc _ccopycat _d2 _encip _f19 _gy-gencatlg |
||
| 942 |
_2ddc _cBK |
||
| 999 |
_c43956 _d43956 |
||